[Event "UKR-ch"]
[Site "Alushta"]
[Date "2009.05.16"]
[Round "6"]
[White "Kovtun, Sergei"]
[Black "Troshchenko, Pavel"]
[Result "1-0"]
[WhiteElo "2288"]
[BlackElo "2178"]
[PlyCount "87"]
[EventDate "2009.05.11"]
[EventType "swiss"]
[EventRounds "9"]
[EventCountry "UKR"]
[SourceTitle "CBM 130 Extra"]
[Source "ChessBase"]
[SourceDate "2009.07.02"]
[SourceVersion "2"]
[SourceVersionDate "2009.07.15"]
[SourceQuality "1"]

1. e4 c5 2. Nf3 Nc6 3. Nc3 e6 4. d4 cxd4 5. Nxd4 Nf6 6. g3 a6 7. Bg2 Qc7 8. 0-0 Be7 9. a4 Na5 10. Nce2 d5 11. exd5 Nxd5 12. Nf5 exf5 13. Qxd5 Be6 14. Bf4 Bxd5 15. Bxc7 Bxg2 16. Kxg2 Nc6 17. Bb6 Bf6 18. c3 0-0 19. Rad1 Rfe8 20. Nd4 Nxd4 21. Bxd4 Bxd4 22. Rxd4 Re2 23. Rfd1 g6 24. R1d2 Rae8 25. Kf3 Rxd2 26. Rxd2 Re7 27. Re2 Rd7 28. Ke3 Kf8 29. Rd2 Rc7 30. Rd4 Ke7 31. Kd3 Ke6 32. c4 g5 33. Rd5 h5 34. Kd4 b6 35. b4 f6 36. a5 bxa5 37. Rxa5 Rc6 38. Rd5 Rc8 39. c5 Ra8 40. Rd6+ Ke7 41. Kc4 a5 42. b5 a4 43. Ra6 Rd8 44. b6 1-0

[Event "UKR-ch"]
[Site "Alushta"]
[Date "2009.05.13"]
[Round "3"]
[White "Troshchenko, Pavel"]
[Black "Shulga, Jury"]
[Result "1-0"]
[WhiteElo "2178"]
[BlackElo "2278"]
[PlyCount "107"]
[EventDate "2009.05.11"]
[EventType "swiss"]
[EventRounds "9"]
[EventCountry "UKR"]
[SourceTitle "CBM 130 Extra"]
[Source "ChessBase"]
[SourceDate "2009.07.02"]
[SourceVersion "2"]
[SourceVersionDate "2009.07.15"]
[SourceQuality "1"]

1. e4 e6 2. d4 d5 3. Nd2 Nf6 4. e5 Nfd7 5. f4 c5 6. c3 Nc6 7. Ndf3 cxd4 8. cxd4 Qb6 9. g3 Bb4+ 10. Kf2 0-0 11. Bh3 Kh8 12. Kg2 Be7 13. Ne2 f5 14. g4 fxg4 15. Bxg4 Nd8 16. Ng3 Nb8 17. h4 Nbc6 18. Qd3 Kg8 19. Ng5 Bxg5 20. hxg5 g6 21. Ne2 Rf7 22. b3 Qa6 23. Qd2 Bd7 24. Rh3 Ne7 25. Bb2 Rc8 26. Nc3 b5 27. a4 bxa4 28. Nxa4 Bxa4 29. Rxa4 Qb7 30. Ba3 Nf5 31. Bc5 Nc6 32. Be2 Ra8 33. b4 a6 34. Rha3 Nb8 35. b5 Kg7 36. Bd3 Qc8 37. bxa6 Nd7 38. Rc3 Nxc5 39. Rxc5 Qf8 40. Bxf5 Rxf5 41. Kg3 Rf7 42. Rc6 Qe8 43. Qc2 Raa7 44. Rb4 Qf8 45. Rbb6 Qa3+ 46. Qc3 Qa4 47. Rxe6 Qd1 48. Qe3 Qf1 49. Rf6 Rfc7 50. e6 Rxa6 51. Rf7+ Rxf7 52. Qe5+ Kf8 53. Rb8+ Ke7 54. Rb7+ 1-0

[Event "UKR-ch"]
[Site "Alushta"]
[Date "2009.05.11"]
[Round "1"]
[White "Troshchenko, Pavel"]
[Black "Kislinsky, Alexey"]
[Result "0-1"]
[WhiteElo "2178"]
[BlackElo "2455"]
[PlyCount "80"]
[EventDate "2009.05.11"]
[EventType "swiss"]
[EventRounds "9"]
[EventCountry "UKR"]
[SourceTitle "CBM 130 Extra"]
[Source "ChessBase"]
[SourceDate "2009.07.02"]
[SourceVersion "2"]
[SourceVersionDate "2009.07.15"]
[SourceQuality "1"]

1. e4 c5 2. Nf3 Nc6 3. d4 cxd4 4. Nxd4 g6 5. c4 Nf6 6. Nc3 d6 7. Be2 Bg7 8. Be3 0-0 9. 0-0 Bd7 10. h3 Nxd4 11. Bxd4 Bc6 12. Qd3 a5 13. Nd5 Bxd5 14. cxd5 Nd7 15. Bxg7 Kxg7 16. Qd4+ Kg8 17. f4 Qb6 18. Qxb6 Nxb6 19. Rac1 Rac8 20. Kf2 Na4 21. Bg4 f5 22. exf5 Nxb2 23. Rxc8 Rxc8 24. fxg6 Rc2+ 25. Kg3 hxg6 26. Kh4 Rxg2 27. Kg5 Kg7 28. Re1 Kf7 29. Kh6 Nd3 30. Re3 Nc5 31. f5 gxf5 32. Bxf5 Kf6 33. Rf3 Ke5 34. h4 Kxd5 35. h5 e5 36. Bg6 e4 37. Rh3 Ke5 38. Rh4 e3 39. Kg7 e2 40. Rh1 Nd3 0-1

[Event "Ilichevsk Sunny Pawn op"]
[Site "Ilichevsk"]
[Date "2008.07.26"]
[Round "7"]
[White "Troshchenko, Pavel"]
[Black "Tsarev, Evgeny"]
[Result "1-0"]
[WhiteElo "2160"]
[BlackElo "1848"]
[PlyCount "55"]
[EventDate "2008.07.20"]
[EventType "swiss"]
[EventRounds "10"]
[EventCountry "UKR"]
[SourceTitle "CBM 125 Extra"]
[Source "ChessBase"]
[SourceDate "2008.09.01"]
[SourceVersion "1"]
[SourceVersionDate "2008.09.01"]
[SourceQuality "1"]

1. e4 e5 2. Nf3 Nc6 3. Bb5 a6 4. Ba4 Nf6 5. d4 exd4 6. 0-0 Be7 7. Re1 b5 8. e5 Nd5 9. Bb3 Nb6 10. c3 dxc3 11. Nxc3 0-0 12. Bf4 Bb7 13. Rc1 Na5 14. Bc2 d6 15. Qd3 g6 16. Bh6 Re8 17. e6 f5 18. Nd4 Bg5 19. Nxf5 Bxc1 20. Qd4 Re7 21. Nxe7+ Qxe7 22. Bxc1 Nc6 23. Qg4 Ne5 24. Qg3 Re8 25. f4 Nc6 26. Bxg6 hxg6 27. Qxg6+ Kh8 28. Re3 1-0

[Event "Ilichevsk Sunny Pawn-B"]
[Site "Ilichevsk"]
[Date "2007.07.29"]
[Round "9"]
[White "Troshchenko, Pavel"]
[Black "Bogdanovich, Stanislav"]
[Result "0-1"]
[WhiteElo "2186"]
[BlackElo "2217"]
[PlyCount "186"]
[EventDate "2007.07.20"]
[EventType "tourn"]
[EventRounds "11"]
[EventCountry "UKR"]
[SourceTitle "CBM 119 Extra"]
[Source "ChessBase"]
[SourceDate "2007.09.04"]
[SourceVersion "1"]
[SourceVersionDate "2007.09.04"]
[SourceQuality "1"]

1. e4 c5 2. c3 d5 3. exd5 Qxd5 4. d4 e6 5. Na3 Qd8 6. Bf4 Nf6 7. dxc5 Nd5 8. Bd6 Bxd6 9. cxd6 Qxd6 10. Nb5 Qb6 11. c4 Nc7 12. Nd6+ Ke7 13. Nxc8+ Rxc8 14. Qd2 Nc6 15. Nf3 Rd8 16. Qc3 Qb4 17. Rc1 f6 18. Be2 e5 19. 0-0 Qxc3 20. Rxc3 Ne6 21. Rd1 Rxd1+ 22. Bxd1 e4 23. Nh4 Ncd4 24. g3 f5 25. Ng2 g5 26. f3 f4 27. gxf4 gxf4 28. fxe4 Rg8 29. Kf1 Ng5 30. Ra3 Nxe4 31. Rxa7 Nd2+ 32. Kf2 Ne4+ 33. Kf1 f3 34. Rxb7+ Kd6 35. Bxf3 Nxf3 36. Rxh7 Nfd2+ 37. Kg1 Nf3+ 38. Kf1 Nfd2+ 39. Kg1 Nxc4 40. Kf1 Ned2+ 41. Kf2 Ne4+ 42. Kf1 Nxb2 43. Ne3 Ra8 44. Ke2 Rxa2 45. Rh6+ Ke7 46. Kf3 Nf6 47. Rh8 Nd3 48. Nc4 Rc2 49. Ke3 Ne1 50. Kd4 Nf3+ 51. Kd3 Ra2 52. h4 Rh2 53. Ne3 Kf7 54. Ra8 Rd2+ 55. Kc3 Ne4+ 56. Kb4 Rd4+ 57. Kb5 Nxh4 58. Rh8 Ng6 59. Rh6 Nf6 60. Kc5 Rd8 61. Nc4 Ne4+ 62. Kb4 Rd4 63. Kb3 Kg7 64. Rh1 Ne7 65. Rc1 Kf6 66. Rh1 Rd3+ 67. Kb2 Nf5 68. Re1 Nc5 69. Rf1 Na4+ 70. Kb1 Kg5 71. Nb2 Nc3+ 72. Kc1 Rg3 73. Nd1 Ne2+ 74. Kd2 Nf4 75. Nf2 Rg2 76. Kc3 Ng3 77. Nh3+ Nxh3 78. Rf8 Nf4 79. Ra8 Kf5 80. Rf8+ Ke5 81. Re8+ Ne6 82. Rh8 Ne4+ 83. Kd3 Nf4+ 84. Kc4 Rc2+ 85. Kb4 Nd5+ 86. Kb3 Rc3+ 87. Kb2 Kd4 88. Rh4 Rc8 89. Kb3 Rb8+ 90. Kc2 Ne3+ 91. Kc1 Kd3 92. Rh7 Nc3 93. Rd7+ Ned5 0-1

[Event "Ilichevsk Sunny Pawn-B"]
[Site "Ilichevsk"]
[Date "2007.07.27"]
[Round "7"]
[White "Troshchenko, Pavel"]
[Black "Romcovici, Victor"]
[Result "0-1"]
[WhiteElo "2186"]
[BlackElo "2232"]
[PlyCount "50"]
[EventDate "2007.07.20"]
[EventType "tourn"]
[EventRounds "11"]
[EventCountry "UKR"]
[SourceTitle "CBM 119 Extra"]
[Source "ChessBase"]
[SourceDate "2007.09.04"]
[SourceVersion "1"]
[SourceVersionDate "2007.09.04"]
[SourceQuality "1"]

1. c4 e5 2. Nc3 Nc6 3. g3 f5 4. Bg2 Nf6 5. d3 Bb4 6. e3 0-0 7. Nge2 d6 8. 0-0 Bxc3 9. bxc3 Kh8 10. Rb1 Qe8 11. Ba3 b6 12. d4 e4 13. Nf4 Ba6 14. c5 Bxf1 15. Bxf1 dxc5 16. dxc5 Rf7 17. Bh3 Qd7 18. Qb3 Na5 19. Qc2 Rd8 20. cxb6 axb6 21. Bb4 Nc4 22. Qe2 Nd2 23. Ra1 c5 24. Ba3 g5 25. Nh5 Nf3+ 0-1

[Event "Ilichevsk Sunny Pawn-B"]
[Site "Ilichevsk"]
[Date "2007.07.25"]
[Round "6"]
[White "Kigel, Dmytro"]
[Black "Troshchenko, Pavel"]
[Result "0-1"]
[WhiteElo "2071"]
[BlackElo "2186"]
[PlyCount "66"]
[EventDate "2007.07.20"]
[EventType "tourn"]
[EventRounds "11"]
[EventCountry "UKR"]
[SourceTitle "CBM 119 Extra"]
[Source "ChessBase"]
[SourceDate "2007.09.04"]
[SourceVersion "1"]
[SourceVersionDate "2007.09.04"]
[SourceQuality "1"]

1. c4 Nf6 2. Nc3 d5 3. cxd5 Nxd5 4. g3 g6 5. Bg2 Nxc3 6. bxc3 Bg7 7. Nf3 0-0 8. Qc2 c5 9. d3 Nc6 10. Rb1 Qc7 11. 0-0 b6 12. e4 Ba6 13. Be3 Rad8 14. Rfd1 Na5 15. Rbc1 e5 16. Nh4 Rd6 17. Rd2 Rfd8 18. c4 Qd7 19. Rcd1 Nc6 20. a3 Nd4 21. Bxd4 Rxd4 22. Nf3 Rd6 23. Ne1 f5 24. Bh3 Qf7 25. exf5 gxf5 26. Nf3 Qh5 27. Bg2 Bb7 28. Nh4 Bxg2 29. Kxg2 Bh6 30. Re2 e4 31. d4 Rxd4 32. Rxd4 cxd4 33. Qa4 Qxe2 0-1

[Event "Ilichevsk Sunny Pawn-B"]
[Site "Ilichevsk"]
[Date "2007.07.24"]
[Round "5"]
[White "Troshchenko, Pavel"]
[Black "Martemianov, Iaroslav"]
[Result "0-1"]
[WhiteElo "2186"]
[BlackElo "2333"]
[PlyCount "82"]
[EventDate "2007.07.20"]
[EventType "tourn"]
[EventRounds "11"]
[EventCountry "UKR"]
[SourceTitle "CBM 119 Extra"]
[Source "ChessBase"]
[SourceDate "2007.09.04"]
[SourceVersion "1"]
[SourceVersionDate "2007.09.04"]
[SourceQuality "1"]

1. g3 f5 2. Bg2 Nf6 3. c4 c6 4. Nc3 e6 5. d4 d5 6. Nf3 Bd6 7. 0-0 0-0 8. Ne5 b6 9. cxd5 cxd5 10. Bg5 Nbd7 11. Nxd5 exd5 12. Bxd5+ Nxd5 13. Bxd8 Rxd8 14. Nc6 Re8 15. Qd3 N7f6 16. a3 f4 17. b4 Bg4 18. Rfe1 Bh5 19. Rac1 Bg6 20. Qb3 Bf7 21. Qb2 Re6 22. Ne5 Bxe5 23. dxe5 Nd7 24. Red1 Rxe5 25. Rc7 Re7 26. Rb7 Rae8 27. Rd2 N7f6 28. Rxe7 Rxe7 29. gxf4 Nxf4 30. f3 h6 31. e4 Bh5 32. Kf2 Nh3+ 33. Kg3 Ng5 34. Rd3 Nf7 35. h4 Ne5 36. Rd4 Nxf3 37. Rd8+ Kh7 38. Qc2 Nxe4+ 39. Kf4 Nxh4 40. Qc1 Ng2+ 41. Kf5 g6# 0-1

[Event "Ilichevsk Sunny Pawn-B"]
[Site "Ilichevsk"]
[Date "2007.07.23"]
[Round "4"]
[White "Kachur, Alexander"]
[Black "Troshchenko, Pavel"]
[Result "1-0"]
[WhiteElo "2284"]
[BlackElo "2186"]
[PlyCount "35"]
[EventDate "2007.07.20"]
[EventType "tourn"]
[EventRounds "11"]
[EventCountry "UKR"]
[SourceTitle "CBM 119 Extra"]
[Source "ChessBase"]
[SourceDate "2007.09.04"]
[SourceVersion "1"]
[SourceVersionDate "2007.09.04"]
[SourceQuality "1"]

1. e4 c5 2. Nf3 e6 3. d4 cxd4 4. Nxd4 Nf6 5. Nc3 Nc6 6. Nxc6 bxc6 7. e5 Nd5 8. Ne4 Ba6 9. c4 Qh4 10. Qd4 Bb4+ 11. Kd1 Qg4+ 12. f3 Qg6 13. cxd5 Bxf1 14. Rxf1 Qxg2 15. Qf2 Qxf2 16. Nxf2 exd5 17. Nd3 Ba5 18. Rg1 1-0

[Event "Ilichevsk Sunny Pawn-B"]
[Site "Ilichevsk"]
[Date "2007.07.22"]
[Round "3"]
[White "Troshchenko, Pavel"]
[Black "Kalinin, Oleg"]
[Result "0-1"]
[WhiteElo "2186"]
[BlackElo "2350"]
[PlyCount "64"]
[EventDate "2007.07.20"]
[EventType "tourn"]
[EventRounds "11"]
[EventCountry "UKR"]
[SourceTitle "CBM 119 Extra"]
[Source "ChessBase"]
[SourceDate "2007.09.04"]
[SourceVersion "1"]
[SourceVersionDate "2007.09.04"]
[SourceQuality "1"]

1. e4 c5 2. c3 d5 3. exd5 Qxd5 4. d4 e6 5. Nf3 Nf6 6. Be3 Nbd7 7. Bd3 Be7 8. c4 Qd6 9. Nc3 a6 10. Qe2 Qc7 11. Rd1 0-0 12. 0-0 Re8 13. dxc5 Nxc5 14. Bb1 b6 15. Rd4 Bb7 16. Rh4 Ncd7 17. Bg5 g6 18. Nd4 Bf8 19. Qe3 Bg7 20. Bh6 Bh8 21. Qh3 Rad8 22. Bxg6 fxg6 23. Nxe6 Qe5 24. Ng5 Qf5 25. Qg3 Ne5 26. Rf4 Nh5 27. Rxf5 Nxg3 28. Rxe5 Nxf1 29. Rxe8+ Rxe8 30. Kxf1 Bxc3 31. bxc3 a5 32. g3 Ba6 0-1

[Event "UKR-ch sf"]
[Site "Alushta"]
[Date "2005.05.21"]
[Round "6"]
[White "Dobronovsky, Roman"]
[Black "Troshchenko, Pavel"]
[Result "1-0"]
[WhiteElo "2096"]
[BlackElo "2241"]
[PlyCount "97"]
[EventDate "2005.05.16"]
[EventType "swiss"]
[EventRounds "9"]
[EventCountry "UKR"]
[SourceTitle "CBM 106 Extra"]
[Source "ChessBase"]
[SourceDate "2005.07.01"]
[SourceVersion "1"]
[SourceVersionDate "2005.07.01"]
[SourceQuality "1"]

1. e4 c5 2. Nf3 Nc6 3. d4 cxd4 4. Nxd4 Nf6 5. Nc3 e5 6. Ndb5 d6 7. Bg5 a6 8. Na3 b5 9. Nd5 Qa5+ 10. Bd2 Qd8 11. Bg5 Be7 12. Nxe7 Nxe7 13. Bxf6 gxf6 14. c4 Qa5+ 15. Qd2 Qxd2+ 16. Kxd2 b4 17. Nc2 f5 18. exf5 Bxf5 19. Nxb4 Rb8 20. Kc3 a5 21. Nc2 d5 22. b3 d4+ 23. Kb2 Kd7 24. Re1 f6 25. Rd1 Kd6 26. Bd3 Be6 27. Na3 Kc5 28. Nb5 Bd7 29. Na3 f5 30. f3 Rhg8 31. Rd2 Rbe8 32. Re1 Nc6 33. Nc2 Re7 34. a3 Rge8 35. Rde2 Rb8 36. Rd2 Rf8 37. Rde2 Be8 38. b4+ axb4 39. axb4+ Kd6 40. b5 Rb7 41. Kc1 e4 42. bxc6 Rb3 43. Bxe4 fxe4 44. Nxd4 Rc3+ 45. Kb2 Rxc4 46. Rxe4 Bg6 47. Nf5+ Kc5 48. Rxc4+ Kxc4 49. Rc1+ 1-0